Caracterización del sistema nuboso de la cuenca del Río Turrialba mediante el uso de imágenes de satélite
Αποθηκεύτηκε σε:
| Κύριος συγγραφέας: | |
|---|---|
| Μορφή: | Βιβλίο |
| Έκδοση: |
San José, C.R.
2001
|
| Θέματα: | |
| Ετικέτες: |
Προσθήκη ετικέτας
Δεν υπάρχουν, Καταχωρήστε ετικέτα πρώτοι!
|
MARC
| LEADER | 00000nam a2200000Ia 4500 | ||
|---|---|---|---|
| 003 | 008685 | ||
| 005 | 20221231144203.0 | ||
| 008 | 140114s2001 cr a m 000 ||s d | ||
| 040 | |c cru CEDI | ||
| 090 | |a TFG 4278 | ||
| 100 | |a Anchía Rodríguez, Lucas |9 7882 | ||
| 245 | |a Caracterización del sistema nuboso de la cuenca del Río Turrialba mediante el uso de imágenes de satélite | ||
| 260 | |c 2001 |a San José, C.R. | ||
| 300 | |a iv, 90 hojas : ilustraciones (algunos a color), mapas color | ||
| 500 | |a Proyecto de graduación (licenciatura en ingeniería civil)--Universidad de Costa Rica. Facultad de Ingeniería. Escuela de Ingeniería Civil | ||
| 650 | |x SATELITES ARTIFICIALES EN METEOROLOGIA |x PRECIPITACION ATMOSFERICA |x LLUVIA |x TURRIALBA (CARTAGO, COSTA RICA) |x INUNDACIONES |9 7883 | ||
| 942 | |c TFG | ||
| 999 | |c 18158 |d 18158 | ||
